[Event "Intermat 33rd"]
[Site "Redmond"]
[Date "2024.04.20"]
[Round "2.25"]
[White "Imoo, Joshua"]
[Black "Yu, Jason"]
[Result "0-1"]
[WhiteElo "1694"]
[BlackElo "2247"]
[Annotator "Ralph Dubisch"]
[PlyCount "98"]
[GameId "2057140994416774"]
[EventDate "2024.04.20"]
[EventType "team-match"]
[EventRounds "2"]
[EventCountry "USA"]
[SourceVersionDate "2020.12.21"]
[WhiteTeam "BC"]
[BlackTeam "WA"]

{[%evp 0,98,19,38,25,16,14,14,11,24,-5,1,13,10,36,-7,12,-13,-11,-13,4,-17,70,63,40,-6,24,12,12,13,12,0,0,0,0,7,12,-53,13,0,4,8,0,-85,-72,-48,-48,-42,-42,-37,-38,-30,-30,-32,-49,-44,-56,-66,-73,-84,-103,-103,-102,-136,-68,-132,-142,-155,-151,-150,-143,-153,-149,-152,-156,-155,-154,-155,-146,-189,-216,-268,-369,-341,-367,-363,-394,-427,-484,-607,-647,-667,-676,-824,-864,-1021,-1055,-1130,-1273,-29999,-29999]} 1. e4 e5 2. Nf3 Nc6 3. Bc4 Bc5 4. d3 Nf6 5. c3 a6 6. O-O d6 7. Bb3 h6 8. Nbd2 Ba7 9. h3 ({Creating a hook for Black to leverage.} 9. Re1 g5 (9... Ng4 10. Re2) (9... O-O 10. Nf1 $14 {heads back into normal lines.}) 10. Nf1 g4 11. N3d2 {is roughly equal.}) 9... g5 $1 {Black takes advantage of a highly transpositional move order to expand on the kingside instead of the standard idea of kingside castling. The engine approves.} 10. Nh2 g4 11. hxg4 Rg8 12. g5 Rxg5 ({Or} 12... hxg5 $1 {, eventually advancing the new g-pawn toward g3 to create more kingside weaknesses.}) 13. Ndf3 Rh5 14. Be3 Ng4 $1 15. Nxg4 Bxg4 16. Bxa7 Rxa7 ({Interestingly, Black doesn't need to recapture this piece right away! Instead,} 16... Qf6 $1 17. Bd5 (17. Be3 O-O-O $1 18. Re1 Rg8 19. Kf1 Rh1+ 20. Ke2 Rh2 $1 21. Rg1 Rxg2 $1 {and Black collects interest on the investment.}) 17... O-O-O 18. Re1 (18. Bxc6 Bxf3 19. Bxb7+ (19. Qxf3 Qxf3 20. gxf3 Rg8#) 19... Kxb7 20. Qb3+ Kxa7 21. Qc4 Rc8 {and the threat of ...Qg6xg2# can't be stopped by g3 or Kf1 due to ...Rh1#.}) 18... Rg8 19. Re3 {and only now} Nxa7 $17 {.}) 17. Re1 Qf6 18. Qe2 Bxf3 19. Qxf3 Qxf3 20. gxf3 Ne7 21. Kf1 $2 ({White must act quickly in the center before Black locks things down with his knight outposting on f4.} 21. f4 $1 Ng6 $1 (21... exf4 $6 22. Kg2 Rg5+ 23. Kf3 Ng6 24. Rh1 h5 25. Rag1 Rxg1 26. Rxg1 {and White has well-coordinated, active pieces to compensate for a weak extra black pawn.}) 22. fxe5 dxe5 23. d4 Nf4 $15 {and while not completely thrilled with the position, White has at least avoided the worst of the cramp.}) 21... Ng6 22. Ke2 Nf4+ 23. Kd2 Rh3 $6 ({Black misses an opportunity to force White to misplace a rook.} 23... Rh2 24. Rf1 (24. Ke3 Ng2+) 24... Ke7 25. d4 h5 26. Ke3 h4 $17) 24. Bd1 $2 (24. Rg1 $5 {aims for activity to compensate for the offered pawns. Is it enough?} Rxf3 (24... Kf8 25. Rg3 Rh2 26. Ke3 $13) 25. Rg7 Rxd3+ (25... Rxf2+ 26. Ke3 Re2+ 27. Kf3 Rxb2 28. Rh1 $13) 26. Kc2 Rf3 27. Bxf7+ Kf8 28. Rh7 Rxf2+ 29. Kb3 Rg2 $15 {and Stockfish suggests Black is ahead by about half a pawn. A quick count shows two extra pawns, suggesting there's significant compensation. Perhaps this was White's best chance to mix it up.} (29... c6 30. Rg1 Rg2 31. Rxg2 Nxg2 32. Be6 $13)) 24... Rh2 25. Rf1 Ke7 26. Ke3 Ra8 27. Bb3 Rg8 28. Rh1 Rxh1 29. Rxh1 h5 30. d4 h4 31. d5 c6 32. c4 $2 ({Better to wait with} 32. Kd2 Rg2 33. Ke3 $17 {.}) 32... cxd5 33. exd5 f5 (33... Rc8 $5 {ties the bishop to the defense of the c-pawn for awhile.}) 34. Bc2 Kf6 35. Bd3 h3 36. b3 Kg5 37. Bf1 Kh4 38. Bd3 $2 ({Allowing a decisive simplification. Sometimes you just need to wait passively.} 38. Kd2 Rc8 39. Rh2 b6 40. Rh1 a5 41. Rh2 {is a computer line, with Stockfish claiming a two-pawn advantage for Black after} Kg5 42. Rh1 Rh8 43. Rh2 Rg8 {. Sure, Black's position looks great... but, how to make progress? That is far from clear.}) 38... Nxd3 $1 39. Kxd3 Rg2 40. Ke3 ({White can make things more exciting with} 40. c5 {, but it doesn't change the evaluation.} dxc5 41. Kc4 (41. d6 Rg6 $1) 41... Rxf2 42. Kxc5 (42. Rd1 Rc2+ 43. Kd3 Rxa2 44. d6 Rg2 45. d7 Rg8 46. Ke3 (46. Kc4 Rd8 47. Kxc5 Kg3 48. Kd6 h2 49. Ke7 Rh8 50. d8=Q Rxd8 51. Kxd8 Kxf3 $19) 46... Rd8 47. Kf2 Kg5 48. Kg3 Kf6 49. Rd5 Ke6 50. Rxc5 Rxd7 $19) 42... h2 43. Kd6 Kg3 44. Kxe5 Kxf3 45. d6 Kg2 $19) 40... h2 41. c5 dxc5 42. d6 Kh3 43. d7 Rg8 44. Rd1 Kg2 45. f4 e4 46. Ke2 h1=Q 47. d8=Q Rxd8 48. Rxd8 Qf1+ 49. Ke3 (49. Kd2 Qxf2+) 49... Qe1# 0-1

[Event "76th Idaho Open"]
[Site "Pocatello, ID"]
[Date "2024.06.22"]
[Round "2"]
[White "Hunter, Tanner"]
[Black "McKenzie, Niall"]
[Result "1/2-1/2"]
[WhiteElo "1304"]
[BlackElo "1832"]
[Annotator "Ralph Dubisch"]
[PlyCount "86"]
[GameId "2062174506840130"]
[EventDate "2024.06.22"]
[EventType "team-swiss"]
[EventRounds "5"]
[EventCountry "USA"]
[SourceVersionDate "2020.12.21"]

{[%evp 0,86,19,31,14,-14,-11,-21,2,7,22,9,1,-2,7,-1,5,26,12,16,13,5,21,27,26,0,31,-2,-9,-24,-4,-148,-31,-30,-32,-32,-18,-34,12,14,3,8,11,8,8,-2,0,4,0,-22,4,-20,26,10,45,11,22,27,21,10,15,16,12,10,32,31,51,12,60,33,26,25,37,25,19,35,12,9,9,0,68,-6,0,0,0,0,0,-676,0]} 1. d4 Nf6 2. c4 e6 3. g3 Bb4+ 4. Bd2 Bxd2+ (4... Be7) ({and} 4... Qe7 {are more popular choices.}) 5. Qxd2 O-O (5... d5) 6. Bg2 d5 7. Nf3 b6 (7... Nbd7 8. O-O b6 (8... c6 {heads in a different direction.}) 9. cxd5 exd5 10. Nc3 {could transpose.}) 8. cxd5 exd5 9. O-O Nbd7 10. Nc3 Bb7 11. Rac1 Ne4 12. Nxe4 (12. Qf4 $5 $14) 12... dxe4 13. Ng5 {Ne1-c2-e3 was an interesting alternative.} Nf6 14. e3 (14. Qf4 $5) 14... Rc8 (14... c5 $5) 15. Bh3 $2 (15. Nh3 $13) 15... Rb8 $6 ({A missed opportunity based on the lack of retreat squares for the knight on g5:} 15... h6 $1 16. Bxc8 Qxc8 {, and Black wins material.}) 16. Bg2 h6 17. Nh3 Qd6 18. Nf4 Rbd8 19. Qc2 Rd7 20. a3 Re8 21. Bh3 Rde7 22. Bg2 Nd5 23. Nxd5 Bxd5 24. Qe2 c6 25. Rc3 b5 26. Rfc1 Qf6 27. Qc2 a6 28. a4 Qd6 29. axb5 axb5 30. Ra3 Rb7 31. Rca1 Rbb8 32. Ra7 Qf8 33. Bh3 Red8 $6 (33... Re7) 34. Bd7 (34. Bf5 $14 {could reach the game position with an extra move for White:} Re8 (34... Qe8 35. Qc5 $14) 35. Bd7 Red8 {, and it's now White's move, with the option to try 36.Rc1 or 36.Qc5.}) 34... Qd6 35. Bf5 Re8 36. Rd7 Qf6 37. Bh3 Ra8 38. Raa7 Rxa7 39. Rxa7 Re7 40. Qc5 Rxa7 41. Qxa7 Qf3 42. Qa8+ Kh7 43. Bd7 $4 ({White makes a potentially fatal last-second blunder.} 43. Qa1 {is entirely safe.}) 43... Z0 $4 ({Apparently Black was satisfied with the draw here. Better, of course, would have been} 43... Qd1+ 44. Kg2 Bc4 {which shortly forces mate:} 45. Bf5+ g6 46. Bxg6+ Kg7 $19) 1/2-1/2

[Event "76th Idaho Open"]
[Site "Pocatello, ID"]
[Date "2024.06.22"]
[Round "5"]
[White "McKenzie, Niall"]
[Black "Fritchen, Zach"]
[Result "1-0"]
[WhiteElo "1832"]
[BlackElo "1762"]
[Annotator "Ralph Dubisch"]
[PlyCount "118"]
[GameId "2062168398745656"]
[EventDate "2024.06.22"]
[EventType "team-swiss"]
[EventRounds "5"]
[EventCountry "USA"]
[SourceVersionDate "2020.12.21"]

{[%evp 0,118,19,37,46,46,72,55,71,67,61,18,12,1,77,57,61,77,95,59,60,30,19,24,21,1,-4,0,0,-47,-28,-39,-33,-35,-16,-41,0,-57,56,61,61,58,70,65,75,55,72,40,109,90,96,89,91,94,121,112,121,78,145,95,134,144,144,149,150,150,160,151,166,166,159,155,166,172,191,168,172,172,182,171,183,129,168,104,118,114,114,114,29999,130,131,155,167,170,173,165,195,197,208,196,205,205,244,323,390,424,430,425,438,444,444,444,444,430,415,450,537,547,547,625,649]} 1. e4 c5 2. Nf3 d6 3. Bb5+ Nd7 4. O-O a6 5. Bxd7+ (5. Bd3 {seems more thematic, keeping the bishop, repositioning it to the b1-a7 diagonal, and claiming that knight on d7 is misplaced.} Ngf6 6. c3 b5 7. Bc2 Bb7 8. Re1 {and Black might continue with} e5 ({or} 8... c4 {. The position often becomes more Ruy Lopez/Spanish Game than Sicilian Defense -- which is rather the point of 3.Bb5, whether in a Rossolimo against 2.Nc6 or in a Moscow line as seen here.})) 5... Bxd7 6. d4 Bg4 ({The question I usually ask myself when considering these pins is, does Black really want to trade the bishop for the knight?} 6... cxd4 7. Qxd4 {is theory here. White has a little more central space and a tiny temporary lead in development. Black should be pretty happy with the opening, though, having the bishop-pair and more center pawns.} ({White's "normal" Sicilian recapture,} 7. Nxd4 {, slightly favors Black. White has spent time exchanging the useful light-square bishop for a knight and has committed his king to a short castle, so there's less chance of a kingside pawn-storm attack. Black is ready to develop the rook to c8, the knight to f6, and choose either a Dragon or ...e6 small-center structure, according to taste.} Nf6 8. Nc3 e6 {, for example, and Black really has no worries.})) 7. c3 g6 {I'm not convinced that the fianchetto development is ideal here. First, it takes away g6 as a possible retreat for the bishop (...Bg4-h5-g6 in response to h3, for example). Second, the bishop on g7 would have a limited role facing white pawns on b2 and c3, if White chooses to capture on c5 or advance to d5. Also, there's not much immediate pressure on the white center, allowing White some flexibility in arranging his pieces.} 8. h3 Bxf3 9. Qxf3 Bg7 10. Qd3 $6 ({White starts here with a minimal development edge.} 10. dxc5 dxc5 $14) ({or} 10. Rd1 {seem more natural than moving the queen again to defend the d-pawn.}) 10... Nf6 11. Be3 O-O 12. dxc5 dxc5 13. Qxd8 Rfxd8 14. Bxc5 (14. Nd2 {is still fine for White, if not exactly an exciting advantage, as that c5-pawn needs looking after.}) 14... Nxe4 15. Bxe7 Rd7 16. Bh4 {We start to see the problem with the pawn grab. The bishop has no happy retreat, and those queenside pieces are feeling a bit left out.} b5 (16... g5 17. f3 (17. Bg3 Nxg3 18. fxg3 Re8 {becomes very hard to defend against Black's active rooks.}) 17... gxh4 18. fxe4 Re8 {and Black is doing nicely.}) 17. Re1 $6 (17. f3 Nc5 18. Na3 b4 $5 19. cxb4 Bxb2 20. bxc5 Bxa3 21. Bf2 Rc7) 17... f5 (17... Nc5 {aims the knight at a4 and d3.}) 18. f3 (18. a4 {distracts a bit from the strong knight on e4, and could end up with a level position along the lines of} b4 19. cxb4 Rb8 20. f3 Bxb2 21. Ra2 Bd4+ 22. Kf1 g5 23. fxe4 gxh4 24. e5 Rxb4 {, and for all the chaos, not much has really happened.}) 18... Nd2 $2 (18... Nc5 $15) 19. Nxd2 Rxd2 20. Rab1 {Suddenly, White has an extra pawn an no clogged queenside pieces.} b4 21. cxb4 (21. Bg5 Rc2 22. Rec1 Rxc1+ 23. Rxc1) 21... Bxb2 22. Bf2 (22. Red1 Rc2 23. a4 $14) 22... Rc8 (22... Rb8 23. Bc5 Ba3) 23. Be3 Bd4 (23... Rdc2 $14) 24. Bxd4 Rxd4 25. Rb2 Rb8 (25... Kf7 {White rooks occupying the seventh rank is a bigger worry right now than that extra pawn.}) 26. Re6 (26. a3 Rd3 27. Re7 Rxa3 28. Rc2 $16) 26... a5 $2 (26... Rbxb4 27. Rxb4 Rxb4 28. Rxa6 Kg7 {Positions with the white rook in front of the passed a-pawn are typically theoretical draws.}) 27. b5 Kf7 28. Rc6 Ke7 29. b6 Rd6 $2 30. Rc7+ (30. Re2+ Kd7 31. Rc7+ Kd8 32. Ree7) 30... Rd7 31. Rc6 (31. Ra7) 31... Rd6 32. Re2+ Kd7 33. Rc7+ Kd8 34. Rxh7 Rbxb6 35. Ree7 Ra6 36. Reg7 Re6 37. Rd7+ Kc8 38. Rc7+ Kd8 39. Rcg7 a4 40. Rh6 a3 41. Rg8+ ({Clearly White hasn't figured out how to make progress, but giving up control of the seventh rank doesn't seem the most promising start. Maybe fix the g-pawn with} 41. h4 {first. You can always throw checks around on the ranks and files later.}) 41... Ke7 42. Rg7+ Kf8 43. Rb7 Reb6 $4 (43... Re7 $1 44. Rh8+ Kg7 45. Rxe7+ Kxh8 {and of course White still has the advantage, but at some point he'll need to find a winning plan.}) 44. Rxb6 $4 ({White apparently overlooked his primary threat.} 44. Rh8# {shortens the game considerably. Fortunately the rook behind the black a-pawn thing also seems to work.}) 44... Rxb6 45. Rh8+ Kf7 46. Ra8 Rb1+ 47. Kh2 f4 ({If there is a defensive structure with a chance to hold, it would require no further kingside weaknesses, keeping the white rook tied down in front of the a-pawn, and hiding the black king on h6.} 47... Rb2 48. Rxa3 Kg7 {could extend the torture for quite awhile. Likely White wins eventually in any case.}) 48. Rxa3 Ke6 49. Ra6+ Kf5 50. a4 Ra1 51. a5 Kg5 52. Ra8 Kh6 53. a6 Kg7 54. h4 Ra2 55. Ra7+ Kf6 56. Kh3 g5 57. h5 Ra1 58. Kh2 g4 59. fxg4 Kg5 1-0